[Event "Bundesliga 1112"]
[Site "Germany"]
[Date "2012.02.05"]
[Round "9.7"]
[White "Rapport, Richard"]
[Black "Tregubov, Pavel V"]
[Result "1/2-1/2"]
[WhiteElo "2547"]
[BlackElo "2602"]
[Annotator "Meyer,CD"]
[PlyCount "104"]
[EventDate "2011.10.14"]
[EventType "team-tourn"]
[EventRounds "15"]
[EventCountry "GER"]
[SourceTitle "CBM 147"]
[Source "ChessBase"]
[SourceDate "2012.03.16"]
[SourceVersion "1"]
[SourceVersionDate "2012.03.16"]
[SourceQuality "1"]
[WhiteTeam "Werder Bremen"]
[BlackTeam "Muelheim Nord"]
[WhiteTeamCountry "GER"]
[BlackTeamCountry "GER"]

{BAUERNINSELN} 1. Nf3 c5 2. c4 Nc6 3. Nc3 Nf6 4. g3 d5 5. d4 cxd4 (5... e6 6.
cxd5 exd5 (6... Nxd5 7. Bg2 {- Keres/Parma - D 41}) 7. Bg2 {- D 33}) 6. Nxd4 e6
(6... dxc4 {- A 34 -} 7. Nxc6 Qxd1+ 8. Nxd1 bxc6 9. Bg2 Nd5 10. Ne3 e6 $11 11.
Nxc4 Ba6 12. b3 Bb4+ 13. Bd2 Bxd2+ (13... Ke7) (13... Bxc4)) 7. cxd5 Nxd5 {
Diagramm [#]} (7... exd5 8. Bg2 Be7 {- D 34}) 8. Bg2 {- D 41. Diese Position
kann über diverse Zugfolgen erreicht werden, beispielsweise neben dem
Englischen Symmetrie-Auftakt (wie in der Partie) auch via 1.d4 d5 2.c4 e6 3.
Nc3 Nf6 4.Nf3 c5 5.cxd5 Nxd5 6.g3 Nc6 7.Bg2 cxd4 8.Nxd4.} (8. Nxc6 bxc6 9. Bg2
{- A 33}) 8... Ndb4 $6 ({Damit handelt sich Schwarz ein unbequemes Endspiel
ein. Als besser gilt} 8... Nxc3 $142 9. bxc3 Nxd4 {, z.B.:} 10. Qxd4 (10. cxd4
$143 Bb4+ 11. Kf1 O-O 12. Bb2 Qe7 13. f4 Rb8 14. Kf2 b5 15. Qb3 a5 16. Rac1 a4
17. Qd3 Rd8 18. Rc2 Bd6 19. Rhc1 b4 20. Qc4 Qa7 21. e3 Ba6 22. Qc6 b3 23. axb3
axb3 24. Rc3 Bb7 25. Qc4 Bxg2 26. Kxg2 Qa2 27. R1c2 Qa8+ {0-1 Giri,A (2690)
-Anand,V (2817)/Amber-blindfold/rapid, Monte Carlo 2011/CBM 142}) 10... Qxd4
11. cxd4 Bd6 (11... Bb4+ 12. Bd2 Bxd2+ 13. Kxd2 Ke7 14. Rhc1 Rd8 15. Rc7+ Rd7
16. Rac1 Kd8 17. Rxd7+ Kxd7 18. e4 b6 19. e5 Rb8 20. Bc6+ Kd8 21. d5 exd5 22.
Bxd5 Be6 23. Bxe6 fxe6 24. Rc4 Rb7 25. Rh4 h6 26. Rg4 Ke8 27. Rc4 Rd7+ 28. Ke3
Rd5 29. f4 Ra5 30. a4 Kd7 31. Ke4 b5 32. axb5 Rxb5 33. f5 a5 34. fxe6+ Kxe6 35.
Rc6+ Kf7 36. Ra6 Rb2 37. h4 Re2+ 38. Kd5 Rd2+ {1/2-1/2 Ftacnik,L (2546)
-Rapport,R (2444)/Szentgotthard 2010/CBM 135}) 12. O-O Rb8 13. e4 b6 14. Bb2 f6
15. f4 Bb7 16. e5 Bxg2 17. Kxg2 Be7 18. Rac1 Kd7 19. d5 exd5 20. e6+ Kxe6 21.
Rc7 Bc5 22. Re1+ Kd6 23. Ree7 d4 24. Bxd4 Bxd4 25. Red7+ Ke6 26. Rxd4 Rbd8 27.
Ra4 g5 28. fxg5 fxg5 29. Raxa7 Rd2+ 30. Kf3 Rxh2 31. Rc6+ Kd5 32. Rxb6 Rf8+ 33.
Kg4 h5+ 34. Kxg5 Rg8+ 35. Rg6 Rg2 36. Ra5+ Kc4 37. Ra3 Rxg6+ 38. Kxg6 h4 39.
Ra4+ Kb5 40. Rxh4 {1/2-1/2 Bu Xiangzhi (2675)-Edouard,R (2587)/Biel 2011/CBM
143 Extra}) 9. Nxc6 $1 Qxd1+ {Diagramm [#]} 10. Kxd1 (10. Nxd1 $143 Nxc6 $6 (
10... Nc2+ $142 11. Kd2 Nxa1 $13 {/=} 12. Ne5 (12. b3 Bd7) 12... Bb4+ 13. Nc3
Bd7 14. Nd3) 11. Ne3 (11. O-O $142 $14 Bd7 (11... e5 12. Be3 Be6 13. Rc1 Rc8
14. Nc3) (11... Nd4 12. Be3) 12. Nc3 O-O-O 13. Be3) 11... Bb4+ 12. Bd2 Bxd2+
13. Kxd2 Bd7 14. Rhd1 Ke7 15. Rac1 Rhd8 16. Ke1 Be8 17. a3 Rxd1+ 18. Rxd1 Rd8
19. Rxd8 Nxd8 $11 {remis/31, Naumann,A (2518) - Illescas Cordoba,M (2604),
Dresden 2008}) 10... bxc6 $146 {Eine Empfehlung, die indes praktisch wohl noch
nicht erprobt wurde. Angesichts der drei Bauerninseln ist die schwarze
Stellung aber auch nicht leicht zu spielen.} ({Nach} 10... Nxc6 $143 {bekommt
Weiß durch} 11. Nb5 $1 {starkes Druckspiel, z.B.} (11. Be3 Bd7 12. Rc1 Be7 13.
Kc2 O-O 14. Rhd1 (14. Kb1 Rfd8) 14... Rfd8 15. Kb1 $14 {1-0/32, Gelfand,B 
(2701) - Delchev,A (2634), Moscow 2001}) 11... Ke7 (11... Kd8 12. Be3 Bd7 13.
Rc1 $16 {, Gelfand}) 12. Be3 Bd7 (12... a6 13. Nc7 Rb8 14. Kc2) 13. Rc1 e5 14.
Rf1 a6 15. Nc7 Rd8 16. Bd2 Kd6 17. Nd5 f6 18. f4 $16 Bf5 (18... exf4 19. Bxf4+
Ne5 20. Nb6 Bc6 21. Bxc6 bxc6 22. Kc2 Be7 23. Rf3 Ke6 24. Bxe5 fxe5 25. Kb1 $16
) 19. fxe5+ Kxe5 20. Bf4+ Ke6 21. Bc7 Rd7 22. Rxf5 {1-0 Satici,A (2338) - Zei,
G (2315), ICCF corr 1998}) 11. Bd2 $14 (11. Be3 $14) (11. Nb5 $6 Rb8 12. Nxa7
Bd7 13. Bd2 (13. a3 $2 Nd5) 13... Nd5 14. e4 Nf6 15. Rc1 c5) 11... Be7 12. a3
Nd5 13. Kc2 Ba6 14. e4 Nb6 15. Bf1 (15. Rhd1 $142 $14) 15... Bxf1 16. Rhxf1
O-O-O (16... Nc4) (16... f6) 17. Rad1 (17. Ne2 Nc4 (17... Bf6 18. Rad1 $14) 18.
Bc3 $14) 17... h5 18. h3 Nc4 19. Bc1 f5 $6 ({Eine weitere Lockerung, solider
war} 19... Bc5 20. b4 Bb6) 20. h4 $1 Bf6 $2 (20... Bc5 21. Rde1 $14 Nd6 22. Bf4
) (20... Rxd1 21. Rxd1 g6 22. Re1 $14 (22. Ne2 Bc5)) 21. exf5 exf5 22. Ne2 $1
Ne5 (22... Be5 23. Nf4 Bxf4 24. Bxf4 Nb6 25. Be5 $16) 23. Nd4 (23. Rxd8+ Rxd8
24. Nf4 $16) 23... g6 {Diagramm [#] Nun kann Weiß zwangsläufig einen Bauern
erobern.} 24. Bf4 $1 ({Nur scheinbar einfacher wirkt die Alternative} 24. f4 $5
Ng4 25. Nxc6 $16 {, wonach der Mehrbauer - wenn überhaupt - nur mühsam zu
realisieren ist, etwa nach} Rxd1 26. Rxd1 Kc7 27. Nb4 Re8 $132 28. a4 Re4 29.
Kb3 Re6 30. Rd5 Nf2 31. Bd2 Re2 $132) 24... Rd5 ({Die nachhaltige Stärke von
24.Bf4! zeigt sich auch in den folgenden Alternativen: I} 24... Rhe8 25. Rfe1
Rd5 26. b4 $16 {und z.B.} Kd7 27. Nb5 a6 28. Nc3 Rxd1 29. Rxd1+ Ke7 30. Na4 Nf3
(30... Nd7 31. Kb3) (30... Rd8 31. Re1) 31. Nc5 Nd4+ 32. Kd3 Ne6 33. Nxe6 Kxe6
34. Kc4 Be7 35. Bg5 $1 Bd6 36. Be3 Rc8 (36... Rg8 37. Bc5) 37. Bc5 $18) ({II} 
24... Kb7 25. Ne6 Rd5 26. Rxd5 cxd5 27. Bxe5 Bxe5 28. Re1 Rc8+ 29. Kd3 $16 {
, z.B.} Bh8 30. Nf4 (30. Re2) 30... Rc6 (30... Ka6 31. Nxg6 Bxb2 32. Rb1 Bf6
33. Rb3) 31. Re2 Ka6 32. Nxd5 $16) 25. b4 $16 c5 $2 {Diagramm [#]} ({Zwar ein
verständliches Bestreben, die Bauernschwäche aufzulösen, aber ein geringeres
Übel war wohl} 25... Kd7 26. Rfe1 Re8 27. Nb5 a6 28. Nc3 Rxd1 29. Rxd1+ Ke7 30.
Na4 $16) 26. Ne6 $5 ({Alternativen: I Der Partiezug ist nicht übel, doch
zielstrebiger erscheint die Abwicklung} 26. Nb3 $142 $1 Rxd1 27. Rxd1 {, z.B.}
cxb4 (27... Nf3 28. Rd6 Be7 29. Rc6+ Kd8 30. b5) 28. Rd6 Rf8 (28... Nd7 29.
Rc6+ Kd8 30. axb4 Rg8 31. Nc5 Nxc5 32. Rxf6 Ne4 33. Rf7 Re8 34. Rxa7 Re6 35. b5
$18) 29. axb4 Ng4 (29... Rf7 30. Rxf6 Rxf6 31. Bxe5 Rb6 32. Kc3 $18) (29... Nd7
30. Nc5 Nxc5 31. bxc5 Rf7 32. c6 (32. Kb3 Rf8 33. c6 Rf7 34. Kc4 $18) 32... Bd8
33. Rxg6 Rf6 34. Rxf6 Bxf6 35. f3 {Plan g4+-}) 30. f3 Ne5 (30... Be5 31. Bxe5
Nxe5 32. f4 {/\Rxg6}) 31. Nc5 Rf7 32. Bxe5 Bxe5 33. Rc6+ Kd8 (33... Rc7 34. Re6
) (33... Bc7 34. f4) 34. Rxg6 f4 35. g4 (35. Nd3) 35... hxg4 36. Rxg4 $18 {
und Weiß sollte gewinnen}) ({II} 26. Nb5 $143 Rhd8 27. Rxd5 (27. Nxa7+ $143 Kb7
28. Bxe5 (28. Nb5 cxb4 29. Rxd5 Rxd5 30. a4) 28... Rxd1 29. Rxd1 Rxd1 30. Kxd1
Bxe5 31. Nb5 Kc6 32. Na7+ Kb7 33. Nb5 Kc6 $11) 27... Rxd5 28. Nc3 Rd6 29. bxc5
Rc6 30. Na4 $14) ({III} 26. Bxe5 $2 Rxe5 27. Nc6 Re2+ 28. Kd3 Re4 $13 {/=})
26... Rxd1 27. Rxd1 cxb4 28. axb4 Re8 29. Nc5 Rd8 $6 {Möglicherweise verdient
diese Verteidigung gar ein Fragezeichen. Die folgenden Alternativen bieten
jedenfalls zäheren Widerstand:} ({I} 29... Nc6 30. Kb3 (30. Rd6) 30... Rd8 (
30... Bd4 31. Kc4 $1 Bxf2 32. Rd6 Ne5+ 33. Kd5 Bxc5 34. bxc5) 31. Rc1 (31.
Rxd8+ Bxd8 32. Kc4) 31... Rd4 32. Rc4 $16) ({II} 29... Be7 30. Kb3 Bxc5 31.
bxc5 Re6 (31... Nc6 $2 32. Rd6 Re6 33. Rxe6 Nd4+ 34. Kc4 Nxe6 35. Bd2 $1 $18)
32. Kb4 $16) 30. Rc1 $1 Rd4 (30... Rd5 31. Kb3 Kd8 32. Ra1 $1) 31. Re1 Rd5 32.
Kb3 Kd8 {Diagramm [#]} 33. Ka4 $2 ({Allem Anschein nach vergibt dieser Zug den
Gewinn. Stärker war} 33. Ra1 $142 $1 {, z.B.:} Be7 (33... Nd3 34. Ra6 Rxc5 (
34... Nxc5+ 35. bxc5 Be7 36. Rxg6 Rxc5 (36... Bxc5 $4 37. Kc4) 37. Rh6 (37. Ra6
)) 35. Rxf6 Rd5 36. Be3 Ne5 37. Ra6 $18) 34. Bxe5 Rxe5 35. Nd3 Rd5 (35... Re4
36. Rxa7) 36. Kc4 Rd7 37. Ra6 $18) 33... Nd3 34. Nxd3 (34. Re6 Be7 (34... Nxf4
$143 $2 35. Rxf6 Nd3 36. Rxg6 Nxc5+ 37. bxc5 Rxc5 38. Rg5 $18) 35. Nxd3 Rxd3 {
ist Zugumstellung zur Partie}) 34... Rxd3 35. Re6 Be7 36. Be3 ({Falls} 36. Rxg6
{, so} Rd4 37. Rh6 Rxb4+ 38. Ka5 Rb2 39. Rxh5 Kd7 40. Rh6 (40. Be3 Kc6 41. Rh6+
Bd6 42. Ka4 Kd5 $11) 40... Rxf2 41. h5 Rh2 42. Kb5 Rh1 43. Kc4 a5 44. Kd5 a4
45. Ra6 Rxh5 46. Ra7+ Ke8 47. Ke6 Bd8 48. Rxa4 Rh7 $14 {und der weiße Vorteil
hat sich nahezu verflüchtigt}) 36... Rd6 37. Rxd6+ Bxd6 {Diagramm [#] In
diesem Läuferendspiel sind auch die weißen Bauern anfällig; insbesondere der
zerstörerische Hebel f5-f4 macht dem Anziehenden einen dicken Strich durch die
Rechnung.} 38. Ka5 ({Oder: I} 38. Bxa7 f4 $1 39. gxf4 (39. Bd4 fxg3 40. fxg3
Bxg3 41. Bf6+ Kd7) 39... Be7 $11 (39... Bxf4 40. Kb5 Kd7 41. Kc4 Bc7 42. Kd5
Bd8 43. b5 Bxh4 $11)) ({II} 38. b5 Kc7 (38... f4 $2 39. Bxf4 $1 (39. gxf4 $2
Be7) 39... Bxf4 40. gxf4 Kc7 41. Kb4 Kb6 42. f3 Kc7 43. Kc5 Kb7 44. Kd5 Kb6 45.
Ke5 Kxb5 46. Kf6 a5 47. Kxg6 $18) 39. Bxa7 f4 $1 40. gxf4 Be7 (40... Bxf4 $2
41. Be3) 41. Kb3 Bxh4 42. Kc4 Be7 (42... Bf6 43. Bd4 Be7 44. Kd3 h4 45. Ke2 h3
46. Kf1 g5 47. Kg1 gxf4 48. Kh2 Kd6 49. b6 (49. f3 Kd5 50. Bf2 Bd6 51. Kxh3 Bb4
52. Kg4 Bd2 53. Kf5 Be3 $11) 49... Kc6 50. Kxh3 Bd6 51. Kg4 Kd5 52. Bf6 Kc6 53.
Bd8 Kd7 54. Bc7 Bc5 55. f3 Be3 56. Kf5 Kc8 $11) 43. Kd3 h4 44. Ke2 h3 45. Kf1
g5 46. Kg1 gxf4 47. Kh2 Kd6 48. f3 Kd5 49. Bf2 Bd6 50. Kxh3 Ba3 $11) ({III} 38.
f4 a6 $11) 38... f4 $1 {Offenbar der Patentzug, nun führen viele Wege zum
Remis.} 39. Bxf4 ({Oder z.B.} 39. gxf4 Be7 (39... Kd7) 40. b5 (40. Bxa7 Bxh4
$11) 40... Bxh4 41. Bxa7 Kd7 42. Ka6 Bd8 43. b6 (43. f5 gxf5 44. b6 Bxb6 45.
Bxb6 (45. Kxb6 Kd6 $11 {/Ke6=})) 43... Bxb6 44. Kxb6 {/Bxb6} Ke6 $11) 39...
Bxf4 40. gxf4 $11 Kc7 41. Kb5 Kd6 42. Kc4 Ke6 43. Kc5 Kf5 44. Kb5 Kxf4 45. Ka6
g5 46. hxg5 Kxg5 47. b5 h4 48. Kxa7 h3 49. b6 h2 50. b7 h1=Q 51. f4+ Kf5 52.
b8=Q Qa1+ 1/2-1/2

[Event "WchT 9th"]
[Site "Antalya"]
[Date "2013.12.02"]
[Round "6.3"]
[White "Yilmaz, Mustafa"]
[Black "Nepomniachtchi, Ian"]
[Result "0-1"]
[WhiteElo "2577"]
[BlackElo "2721"]
[Annotator "Mikhalchishin,A"]
[PlyCount "40"]
[EventDate "2013.11.26"]
[EventType "team-tourn"]
[EventRounds "9"]
[EventCountry "TUR"]
[SourceTitle "CBM 158"]
[Source "ChessBase"]
[SourceDate "2014.01.16"]
[SourceVersion "1"]
[SourceVersionDate "2014.01.16"]
[SourceQuality "1"]
[WhiteTeam "Turkey"]
[BlackTeam "Russia"]
[WhiteTeamCountry "TUR"]
[BlackTeamCountry "RUS"]

1. Nf3 Nf6 2. c4 c5 3. Nc3 Nc6 4. g3 d5 5. cxd5 Nxd5 6. Bg2 Nc7 7. d3 ({
I had in my practice a similar game:} 7. O-O e5 8. d3 Be7 9. Nd2 O-O $5 10.
Bxc6 bxc6 11. Nc4 f6 12. Qa4 Bd7 $5 (12... Bh3) 13. Qa5 $5 (13. Na5) 13... Qb8
$1 14. Be3 Ne6 15. Rac1 Nd4 (15... f5 $5 16. Na4 Bd8 17. Qc3 Nd4 18. Rfe1 f4 $1
$36) 16. Rfe1 Be6 (16... Qb4 $5) 17. Ne4 (17. b3 Bxc4 18. bxc4 f5 $13) 17...
Bxc4 18. Rxc4 Qxb2 {Heck,N (2229)-Mikhalchishin,A (2518)/Dortmund (open) 2001.
Black got the better chances.}) 7... e5 8. Nd2 Be7 9. Nc4 f6 10. Bxc6+ bxc6 11.
Qa4 {This kind of structure was favoured by the great Tigran Petrosian.} Qd7 ({
A more natural try seems to be} 11... Bd7 12. Ne4 (12. f4 exf4 13. Bxf4 Nb5 14.
Ne4 O-O 15. Qa5 Qe8 16. Kd2 Bg4 17. Rhe1 Rd8 18. Be3 Qh5 19. a4 Nd4 20. Bxd4
cxd4 21. Qxh5 Bb4+ 22. Kd1 Bxh5 23. Rf1 Rfe8 24. Rf5 Bg4 {Pogorelov,R (2440)
-Komljenovic,D (2475)/Pamplona 1996 with an attack.}) 12... O-O 13. Na5 Rb8 14.
Nxc6 $2 (14. a3) 14... Kh8 15. Be3 Qe8 16. Qxa7 Bxc6 17. Qxc7 Rb7 18. Qa5 f5 {
Lekander,R (2285)-Ivanovic,B (2440)/Eksjo 1980 with a winning position for
Black.}) ({Also possible is even the pawn sacrifice} 11... O-O 12. Qxc6 Bh3 13.
Qa4 Ne6 14. Rg1 Nd4 15. Be3 Bd7 16. Qd1 Bc6 17. f4 Qc7 18. Qd2 a5 19. O-O-O
Rfb8 20. fxe5 fxe5 21. Bg5 Bf8 22. g4 a4 {Sandor,B-Joppen,E/Amsterdam 1954
with a complicated position.}) 12. O-O Ne6 (12... O-O {was possible, but Nepo
is provoking his opponent into winning an exchange.}) 13. Na5 (13. Nb6 {
would be very dubious:} axb6 14. Qxa8 b5 15. Ne4 Nd4 16. Re1 f5 $17) 13... Nd4
14. Be3 ({White had to try to become active in the centre:} 14. f4) 14... Rb8
15. Bxd4 $6 (15. Rab1 {was much better:} Rb4 16. Qd1 O-O 17. a3 Rb8 18. Qa4 $13
) 15... cxd4 16. Nd1 ({Maybe it was better to try the sharper line} 16. Ne4
Rxb2 17. Rfb1 Rxe2 18. Qd1 Rxe4 19. dxe4 c5) 16... Rb6 17. Rc1 Ra6 ({Nepo
wants more than very good compensation for the pawn after} 17... O-O 18. Rxc6
Ba6 19. Qc2 Qd5 20. Rxb6 axb6 21. Qb3 Qxb3 22. Nxb3 Ra8 $44) 18. b4 c5 19. Qc2
$2 {The final mistake.} ({But White's position was also poor after the best
move:} 19. Nb2 Qxa4 20. Nxa4 Bh3 21. Nxc5 Bxc5 22. Rxc5 Bxf1 23. Rc8+ Ke7 24.
Rxh8 Bxe2 25. Rxh7 Kf7 $17) 19... Qb5 20. Re1 Qxb4 0-1

[Event "American op 39th"]
[Site "Los Angeles"]
[Date "2003.11.28"]
[Round "4"]
[White "Vigorito, David"]
[Black "Mikhalevski, Victor"]
[Result "1/2-1/2"]
[WhiteElo "2372"]
[BlackElo "2548"]
[Annotator "Mikhalevski,V"]
[PlyCount "57"]
[EventDate "2003.11.27"]
[EventType "swiss"]
[EventRounds "8"]
[EventCountry "USA"]
[SourceTitle "CBM 097 Extra"]
[Source "ChessBase"]
[SourceDate "2004.01.13"]
[SourceVersion "1"]
[SourceVersionDate "2004.01.13"]
[SourceQuality "1"]

1. c4 Nf6 2. Nf3 c5 3. Nc3 d5 4. cxd5 Nxd5 5. e4 {This move leads to a funny
line of English. Its main drawbacks are giving up the d3 and d4-squares and
uncastled position of white's king. However white fully compensates them by
fast development.} Nb4 {[%cal Gb4d3] The knight is going to d3.} 6. Bc4 Nd3+ {
If White succeeded to castle Black would be in trouble.} 7. Ke2 {White
unblocks his d-pawn.} Nf4+ 8. Kf1 {[%cal Gd2d4] The d-pawn is ready to go
forward. So} Ne6 {[%csl Rd4] This move looks a bit ugly, but it seems to be
the only way to prevent d4.} 9. Ne5 (9. b4 {is an interesting alternative.
Sacrificing a pawn White gets a strong centre and good compensation for the
sacrificed pawn.}) 9... g6 {The most logical. Black has to develop his
dark-squared bishop.} (9... Qd4 10. Qa4+ Bd7 11. Nxd7 Qxd7 12. Bxe6 fxe6 13.
Qxd7+ Kxd7 14. e5 $5 Nc6 15. Ne4 b6 16. f4 g6 17. g3 Bh6 18. h4 $14 {
Hovde-Rosenquist corr 1988 45/(48)}) 10. Qa4+ Bd7 {Now an interesting endgame
is arising by force:} (10... Nd7 $6 {is very risky since it allows an
unpleasant Nxf7-blow. For example:} 11. d3 Bg7 (11... Qb6) 12. Nxf7 $1 Kxf7 13.
Bxe6+ Kxe6 14. Qc4+ Kd6 15. Nb5+ Kc6 16. Qe6+ Kxb5 17. a4+ Ka5 18. Bd2+) 11.
Nxd7 Qxd7 12. Bxe6 {Exchanging his bishop White creates double pawns.} fxe6 ({
Of course not} 12... Qxa4 $2 13. Nxa4 (13. Bxf7+) 13... fxe6 14. Nxc5 $18) 13.
Qxd7+ Kxd7 {The knight belongs to c6.} 14. e5 $1 {A good novelty of Vallejo
Pons introduced in a well-known position. The point is to trap Black's bishop
in its camp by means of f4 ; h4 and possible even advancing his g-pawn to g5.
Then White can make use of an extra piece on the other side of the board.} (14.
d3 {is the main line.}) 14... Bg7 15. Ne4 $1 {An important imtermediate move.
Now the c5-pawn is attacked and in case of b6 he's gonna play f4.} ({
Fortunately there's no time for f4:} 15. f4 $2 Rf8 {[%csl Re5,Rf4]} 16. d3 Bxe5
$17) 15... Bxe5 $5 {During the game the idea of e5 was new for me and I
decided to sacrifice a pawn for activity of my pieces instead of winning a
pawn but getting stuck with the bishop on g7. Now I think that both options
are playable.} (15... b6 $5 16. f4 (16. d4 $5 {[%cal Gf2f4]}) 16... Rf8 17. d4
$1 Nc6 18. g3 Nxd4 19. Kg2 Kc6 20. Bd2 Kd5 21. Nc3+ Kc6 22. Ne4 Kd5 23. Nc3+
Kc6 24. h4 h6 25. Rad1 g5 26. fxg5 hxg5 27. Bxg5 Bxe5 $13 {1-0 Vallejo Pons,
F-Fernandez Romero,E/Dos Hermanas ESP 2002/The Week in Chess 388 (50)}) 16.
Nxc5+ Kd6 {My idea was to centralize my king cutting at the same time White's
knight.} 17. Nxb7+ Kd5 {[%csl Rb7,Gd5][%cal Ga7a5] Now a5 is threatening so
White has to run with the knight.} 18. Na5 {At this moment I've realized that
my opponent has a very unpleasant positional threat: d3 followed by Nc4. What
should've been done to meet this idea?} Nd7 $5 {The point behind this move is
to stop Nc4, which would be possible after d3, with Nb6.} (18... Nc6 $5 $44 {
was worth attention with the idea to make use of the development advantage by
penetrating to c2 or simply putting pressure on the Q-side.} 19. Nxc6 Kxc6 20.
d3 Kd5 21. Ke2 Rhc8 22. Kd1 Rab8 23. Rb1 Rc6 {[%cal Gb8c8]} 24. b3 Rbc8 $44 {
[%cal Gc6c2]} (24... Bd4 $5)) 19. d3 {[%cal Ga5c4]} Nb6 {[%csl Rc2][%cal Gh8c8,
Ga8c8,Gc8c2] Otherwise Nc4.} 20. Ke2 Rhc8 {[%csl Rb2][%cal Gc8c2] It wasn't
easy to choose the right rook. Both moves have their points and drawbacks.} (
20... Rac8 $5) 21. Rd1 {White's intending to meet Rc2 with Rd2.} (21. Kd1 $1 {
[%csl Gc2] was more dangerous for Black:} Rab8 $1 {[%csl Rb2][%cal Gb6a4]} (
21... Bd4 22. f3 Rc7 23. Re1 {[%cal Ge1e2]}) (21... Rc7 22. Re1 Rac8 23. Re2) (
21... Na4 22. Nc4 Bd4 23. Re1 $1) 22. Nb3 Na4 23. Rb1 Nc5 $1 24. d4 $5 (24.
Nxc5 Rxc5 25. b4 Rcb5 26. a3 (26. Bd2 Ra5 $1 {[%csl Ra2]}) 26... a5 27. Bd2
axb4 28. Bxb4 (28. Rxb4 Bd6 29. Rxb5+ Rxb5 $11 {[%csl Ra3]}) (28. axb4 Bd6 $11
{[%csl Rb4]}) 28... Bd6 29. Kc2 Bxb4 30. axb4 Rxb4 31. Rxb4 Rxb4 $11) 24...
Nxb3 25. dxe5 Nxc1 26. Rxc1 Kxe5 $14 {and White has a better pawn structure.})
21... Rc2+ 22. Rd2 Rxd2+ $1 (22... Rac8 $143 23. Nc4 Rxd2+ 24. Nxd2 Rc2 25. Rb1
$1 {[%cal Ge2d1] and White keeps an extra pawn.} (25. Kd1 Bxb2)) 23. Bxd2 {
This natural move seems to be an inaccuracy.} ({After} 23. Kxd2 $1 {Black's
counterplay is based on combining threats to f2-pawn with penetration to c2.} {
Although after} Rf8 $1 24. Ke2 (24. Ke1 Rc8) 24... Rc8 25. Kd1 Rf8 26. Be3 (26.
f3 Bxh2 $14) 26... Bxh2 $1 {Black's returning a pawn thanks to a tactical idea.
} 27. Rc1 (27. g3 $2 Bxg3 $1 {The point of Bxh2.}) 27... Bf4 $1 $14 {White has
an advantage thanks to a better pawn structure again.}) 23... Bxb2 (23... Rc8
$1 {[%cal Gc8c2] was more precise.}) 24. Rb1 Bd4 25. Rb5+ Kd6 26. Bb4+ ({With} 
26. Nb3 $1 Bf6 27. Ra5 $1 {[%csl Ra7,Re6] White could put much more pressure.})
26... Kd7 27. Bxe7 $6 ({The only chance to fight for advantage was to return
to above-mentioned idea:} 27. Nb3 $5 Bf6 28. Bd2 $1 {[%csl Ra7][%cal Gb5a5,
Gd2e3]}) 27... Bxf2 $5 {Possible, but not a precise decision.} ({Of course not
} 27... Kxe7 $2 28. Nc6+ {[%csl Rd4,Re7]}) (27... a6 $2 28. Rb4) ({An attempt
to make use of unfortunate position of White pieces doesn't work in view of} 
27... Nd5 $2 {[%csl Rb5,Re2,Re7][%cal Gd5c3]} 28. Bb4 $1 ({However bad is} 28.
Rb7+ $2 Kc8 {[%csl Ra5,Rb7][%cal Gd4b6]} 29. Bb4 Bb6 $1 30. Rxh7 Nxb4 31. Rh8+
$140 Bd8)) (27... Rc8 $142 $1 {[%csl Ra2,Re7,Rf2][%cal Gc8c2] Being in the
time-trouble I've completely missed this strong intermediate move.Now after}
28. Bh4 Rc2+ 29. Kf3 Rxa2 {Black's at least not worse.}) 28. Kxf2 Kxe7 29. Nc6+
({After} 29. Nc6+ Kd7 30. Ne5+ (30. Nxa7 {leads to a draw:} Rxa7 31. Rxb6 Rxa2+
32. Kf3 $11) 30... Kd6 31. Ra5 {White keeps a slight edge, although Black
should be able to keep the position with a precise defense.}) 1/2-1/2